MARC

LEADER 00000nam0a2200000 4500
001 61223
005 20231031062442.0
010 |a 5020320455 
035 |a (RuTPU)RU\TPU\book\64796 
090 |a 61223 
100 |a 20040309d2003 k y0rusy50 ca 
101 0 |a rus 
102 |a RU 
105 |a a z 001zy 
200 1 |a Диагностирование технических устройств опасных производственных объектов  |f А. Н. Смирнов, Б. Л. Герике, В. В. Муравьев  |g Сибирское отделение РАН; Институт угля и углехимии; Под ред. Л. Б. Зуева 
210 |a Новосибирск  |c Наука  |d 2003 
215 |a 244 с.  |c ил. 
320 |a Библиогр.: с. 229-241 
610 1 |a автоматика 
610 1 |a техническая диагностика 
610 1 |a опасные производственные объекты 
610 1 |a технические устройства 
610 1 |a изготовление 
610 1 |a материалы 
610 1 |a процессы 
610 1 |a повреждения 
610 1 |a оценка 
610 1 |a вибрационные процессы 
610 1 |a системный анализ 
610 1 |a детали 
610 1 |a дефекты 
610 1 |a разрушение 
675 |a 681.518.54  |v 3 
675 |a 620.179.1  |v 3 
700 1 |a Смирнов  |b А. Н.  |g Александр Николаевич 
701 1 |a Герике  |b Б. Л.  |g Борис Людвигович 
701 1 |a Муравьев  |b В. В.  |g Виталий Васильевич 
702 1 |a Зуев  |b Л. Б.  |4 340 
712 0 2 |a Российская академия наук (РАН)  |b Сибирское отделение (СО)  |b Институт угля и углехимии (ИУУ)  |c (Кемерово)  |2 stltpush  |3 (RuTPU)RU\TPU\col\4742 
801 1 |a RU  |b 63413507  |c 20040309  |g PSBO 
801 2 |a RU  |b 63413507  |c 20090608  |g PSBO 
942 |c BK